000
00296nam a22001097a 4500
008
170124b xxu||||| |||| 00| 0 eng d
020
_a
9780763716660
041
_a
eng
080
_2
8TH
_a
618.2
245
_a
EMERGENCY/ CARE AND TRANSPORTATION OF THE SICK AND INJURED
_c
BROWNED, B.D
942
_2
udc
_c
BK
999
_c
3451
_d
3451